000 00498nam a2200181 i 4500
001 146923
003 ES-MaACL
005 20250531063034.0
007 t|
008 070919s1972 sp ||||1| spa d
100 1 _aTudela, Mariano,
_d1925-2001
_9111632
245 1 3 _aEl Conde Fernán González /
_cMariano Tudela.
250 _a[1ª ed.].
260 _a[Madrid :
_bDoncel,
_c1972]
300 _a164 p. ;
_c18 cm.
852 _aES-MaACL
_jC-47644
_bR.80576
999 _c146923
_d146923